00755nam a22002297a 450000500170000001000130001702000110003003500130004103700160005404000120007008200130008210000180009524501010011326000400021427000250025430000280027965000230030765000300033094200220036099900190038295201240040120170124110207.0 aB-018917 c250.00 aB-018917 bCen Lib/Ret aDPLbEN a000bPOO aPoonam937538 aPoonam's IIIT entrance exam guide /cby Poonambauthentic study materal for entrance examinatin aHyderabadbCentury Publishersc1999 aHyderabadbHyderabad aVarious Pagesc21cm(Hb) aMathmatics9141658 aIIT study Material937540 2ddccENh000mPOO c133304d133304 00104070aLbLd2015-07-25eCen Lib/Retg250.00l0o000 POOpB-018917r2015-07-25 00:00:00t1v250.00w2015-07-25yEN